000 01214nam a22003257a 4500
003 CHAP
005 20220329134133.0
008 971013s1968 cu r 00010 spa d
010 _a15978
011 _a16950
035 _a21032
040 _cCHAP
082 0 4 _a633.73016
_bB5
110 2 _aBiblioteca Nacional José Martí. La Habana
_912448
245 1 _aBibliografía sobre café
260 _aLa Habana :
_bLa Biblioteca,
_c1968
300 _a63 h.
490 _aBiblioteca Nacional José Martí. La Habana. Folletos de divulgación técnica y científica
_v; 23
590 _aBATCH-UPD
_b10
_c20130110
_lUCH01
_h2120
590 _aBATCH-UPD
_b10
_c20130410
_lUCH01
_h1430
590 _aBATCH-UPD
_b10
_c20130914
_lUCH01
_h0621
590 _aCONVERSION
_b10
_c20130109
_lUCH01
_h1310
650 1 4 _aCafé
_xBibliografía.
_917112
830 0 _aBiblioteca Nacional José Martí. La Habana. Folletos de divulgación técnica y científica
_v; 23
_912451
901 _aBK
942 _cLIBRO
949 _a633.73016 B5
_bBC
_cC
_d33724000653770
_eC
_fc.3
_h49569
_i21032
_si
949 _a633.73016 B5
_bBC
_cC
_d33724000653853
_eC
_fc.2
_h13281
_i21032
_si
949 _a633.73016 B5
_bBC
_cC
_d33724000653861
_eC
_h13280
_i21032
_si
999 _c15978
_d15978